000 00323nam a2200133Ia 4500
008 240624s9999 xx 000 0 und d
041 _aeng
082 _a823 IRV
100 _aIRVING JOHN
245 _aUNTILL I FIND YOU
260 _c2006
_aNew York
_bBallantine Books
300 _axvi, : 844 : p. : cm. ; 17
365 _cRS
999 _c3840
_d3840